[Event "GER-ch Seniors 65 34th"]
[Site "Magdeburg"]
[Date "2022.08.17"]
[Round "6"]
[White "Buchal, Stephan"]
[Black "Kuhn, Gerd"]
[Result "1-0"]
[WhiteElo "2230"]
[BlackElo "2049"]
[PlyCount "71"]
[EventDate "2022.08.12"]
[EventType "swiss"]
[EventRounds "9"]
[EventCountry "GER"]
[SourceTitle "CBM 209 Extra"]
[Source "ChessBase"]
[SourceDate "2022.09.30"]
[SourceVersion "1"]
[SourceVersionDate "2022.09.30"]
[SourceQuality "1"]

1. c4 c6 2. g3 d5 3. Nf3 Nf6 4. Bg2 g6 5. b3 Bg7 6. Bb2 0-0 7. 0-0 Bg4 8. d3 Nbd7 9. Nbd2 Re8 10. cxd5 cxd5 11. Rc1 Qa5 12. a3 Rac8 13. h3 Bxf3 14. Bxf3 b5 15. b4 Qa6 16. Qb3 e6 17. e3 Nb6 18. Bd4 Nfd7 19. Bxg7 Kxg7 20. Qb2+ f6 21. Nb3 Kf7 22. h4 h5 23. Kg2 Rxc1 24. Rxc1 Rc8 25. Nc5 Nxc5 26. bxc5 Na4 27. Qb4 Qc6 28. Qb1 a6 29. d4 Rd8 30. Bd1 e5 31. Bc2 f5 32. Bxa4 bxa4 33. Qb6 Qxb6 34. cxb6 Rb8 35. Rc7+ Kf8 36. b7 1-0

[Event "Hamburg-chT Landesliga 1819"]
[Site "Hamburg"]
[Date "2019.02.03"]
[Round "6.3"]
[White "Rudolph, Jens Erik"]
[Black "Kuhn, Gerd"]
[Result "0-1"]
[WhiteElo "1858"]
[BlackElo "2062"]
[PlyCount "46"]
[EventDate "2018.10.21"]
[EventType "team-tourn"]
[EventRounds "9"]
[EventCountry "GER"]
[SourceTitle "EXT 2020"]
[Source "ChessBase"]
[SourceDate "2019.10.17"]
[SourceVersion "1"]
[SourceVersionDate "2019.10.17"]
[SourceQuality "1"]
[WhiteTeam "Barmbek"]
[BlackTeam "Grosshansdorf"]
[WhiteTeamCountry "GER"]
[BlackTeamCountry "GER"]

1. e4 c6 2. d3 d5 3. Nd2 e5 4. Ngf3 Bd6 5. d4 exd4 6. exd5 c5 7. Bb5+ Nd7 8. Ne4 Qc7 9. Nfg5 h6 10. Qh5 g6 11. Qh3 Kf8 12. Bxd7 Bxd7 13. Ne6+ fxe6 14. dxe6 Be8 15. Qf3+ Kg7 16. Nxd6 Qxd6 17. Qxb7+ Ne7 18. Bf4 Qxe6+ 19. Kf1 Bc6 20. Qc7 Rhc8 21. Qa5 Qe4 22. Re1 Qxg2+ 23. Ke2 Qf3+ 0-1

[Event "Pinneberg-ch"]
[Site "Pinneberg"]
[Date "2018.09.13"]
[Round "5"]
[White "Engel, Stephan"]
[Black "Kuhn, Gerd"]
[Result "1-0"]
[WhiteElo "1892"]
[BlackElo "2011"]
[PlyCount "65"]
[EventDate "2018.08.16"]
[EventType "swiss"]
[EventRounds "7"]
[EventCountry "GER"]
[SourceTitle "EXT 2019"]
[Source "ChessBase"]
[SourceDate "2018.10.10"]
[SourceVersion "1"]
[SourceVersionDate "2018.10.10"]
[SourceQuality "1"]

1. c4 c5 2. Nc3 Nc6 3. g3 e6 4. Bg2 Nge7 5. e4 g6 6. f4 d6 7. Nge2 Bg7 8. 0-0 h5 9. d3 Nd4 10. Be3 Nec6 11. Rb1 h4 12. a3 hxg3 13. hxg3 a5 14. Kf2 Qf6 15. Rh1 Rxh1 16. Qxh1 Nc2 17. Nb5 Ke7 18. Bf3 e5 19. Nc7 Be6 20. Nxa8 exf4 21. gxf4 Nxe3 22. Kxe3 Nd4 23. Qh2 g5 24. f5 g4 25. Bxg4 Bh6+ 26. Kf2 Nc2 27. Nc7 Be3+ 28. Kg2 Bd4 29. Nxd4 cxd4 30. Nb5 Ne3+ 31. Kf3 Bd7 32. Rh1 Bxb5 33. cxb5 1-0

[Event "Pinneberg-ch"]
[Site "Pinneberg"]
[Date "2018.08.23"]
[Round "2"]
[White "Kuhn, Gerd"]
[Black "Iwanow, Thomas"]
[Result "1/2-1/2"]
[WhiteElo "2011"]
[BlackElo "1712"]
[PlyCount "178"]
[EventDate "2018.08.16"]
[EventType "swiss"]
[EventRounds "7"]
[EventCountry "GER"]
[SourceTitle "EXT 2019"]
[Source "ChessBase"]
[SourceDate "2018.10.10"]
[SourceVersion "1"]
[SourceVersionDate "2018.10.10"]
[SourceQuality "1"]

1. d4 d5 2. Nf3 Nf6 3. c4 e6 4. Nc3 Be7 5. cxd5 exd5 6. Qc2 c6 7. Bf4 Nbd7 8. e3 Nf8 9. h3 Ne6 10. Bh2 h6 11. Bd3 Bd7 12. 0-0 0-0 13. Ne5 Be8 14. Bf5 Nd7 15. Ng6 fxg6 16. Bxe6+ Kh8 17. e4 dxe4 18. Nxe4 Nf6 19. Rad1 Nxe4 20. Qxe4 Bd6 21. Be5 Qc7 22. f4 Rd8 23. Bb3 Qd7 24. Bc2 Qf5 25. Qe2 Qd7 26. Rf3 Qe7 27. Rg3 Bxe5 28. fxe5 Rf4 29. Rg4 Qf8 30. Rxf4 Qxf4 31. Qf2 Qxf2+ 32. Kxf2 Bf7 33. Ke3 g5 34. Be4 a6 35. a3 Kg8 36. Rf1 Bc4 37. Rc1 Be6 38. Rf1 Bc4 39. Rf2 Be6 40. Bf5 Bd5 41. g3 Re8 42. Bd7 Re7 43. Bc8 Rc7 44. Bf5 Re7 45. g4 Re8 46. Be4 Bb3 47. Bc2 Bd5 48. b4 Re7 49. Be4 Bb3 50. Rb2 Be6 51. a4 Bc4 52. Bd3 Bd5 53. b5 axb5 54. axb5 cxb5 55. Bxb5 Rc7 56. Bd3 Rc1 57. Rf2 Rc3 58. Kd2 Rc7 59. Bf1 Bb3 60. Kd3 Bc4+ 61. Ke4 Bb3 62. d5 Rc5 63. Rd2 Kf7 64. e6+ Ke7 65. Ke5 b5 66. Bg2 b4 67. Rb2 Rc3 68. d6+ Ke8 69. Be4 Rc5+ 70. Kd4 Rc4+ 71. Ke3 Rc3+ 72. Kd2 Bxe6 73. Rxb4 Rxh3 74. Bc6+ Kf7 75. d7 Rh2+ 76. Ke3 Rh3+ 77. Ke4 Ke7 78. Rb8 Bxd7 79. Rb7 h5 80. Bxd7 Kf6 81. Rb6+ Ke7 82. Bf5 hxg4 83. Bxg4 Rh6 84. Rb7+ Kf6 85. Rc7 Rh4 86. Rc6+ Kf7 87. Kf5 Rh6 88. Rc7+ Kg8 89. Kxg5 Rd6 1/2-1/2

[Event "Pinneberg-ch"]
[Site "Pinneberg"]
[Date "2017.10.12"]
[Round "6"]
[White "Kuhn, Gerd"]
[Black "Stubbe, Werner"]
[Result "1-0"]
[WhiteElo "2033"]
[BlackElo "1693"]
[PlyCount "55"]
[EventDate "2017.09.07"]
[EventType "swiss"]
[EventRounds "7"]
[EventCountry "GER"]
[SourceTitle "EXT 2019"]
[Source "ChessBase"]
[SourceDate "2018.10.10"]
[SourceVersion "1"]
[SourceVersionDate "2018.10.10"]
[SourceQuality "1"]

1. d4 d5 2. c4 Nc6 3. Nf3 Bg4 4. Nc3 dxc4 5. d5 Bxf3 6. gxf3 Ne5 7. f4 Nd7 8. Qa4 a6 9. Qxc4 Nb6 10. Qb3 Nf6 11. Bg2 Rb8 12. Be3 Qd6 13. Ne4 Nxe4 14. Bxe4 e5 15. dxe6 Qb4+ 16. Qxb4 Bxb4+ 17. Kf1 fxe6 18. Bd4 Nc4 19. Bd3 Nd2+ 20. Kg2 Rd8 21. Be5 c5 22. Rac1 b5 23. a3 c4 24. axb4 cxd3 25. exd3 Nb3 26. Rc6 0-0 27. Rxe6 a5 28. Re7 1-0

[Event "Pinneberg-ch"]
[Site "Pinneberg"]
[Date "2017.09.07"]
[Round "1"]
[White "Holzhausen, Joerg"]
[Black "Kuhn, Gerd"]
[Result "1/2-1/2"]
[WhiteElo "1536"]
[BlackElo "2033"]
[PlyCount "87"]
[EventDate "2017.09.07"]
[EventType "swiss"]
[EventRounds "7"]
[EventCountry "GER"]
[SourceTitle "EXT 2019"]
[Source "ChessBase"]
[SourceDate "2018.10.10"]
[SourceVersion "1"]
[SourceVersionDate "2018.10.10"]
[SourceQuality "1"]

1. e4 c6 2. Nc3 d5 3. d4 dxe4 4. Nxe4 Bf5 5. Ng3 Bg6 6. Nf3 Nd7 7. Nh4 e6 8. Nxg6 hxg6 9. Ne4 Ngf6 10. Bd3 Nxe4 11. Bxe4 Qh4 12. Qd3 Nf6 13. Bf3 0-0-0 14. Be3 e5 15. g3 e4 16. Qf1 Qh7 17. Bg2 Qh5 18. Qe2 Qxe2+ 19. Kxe2 Re8 20. c4 Rh5 21. h4 Ra5 22. Bh3+ Kc7 23. a3 a6 24. b4 Ra4 25. Rhb1 b5 26. Kd2 a5 27. cxb5 axb4 28. axb4 Bxb4+ 29. Kc2 Rxa1 30. Rxa1 cxb5 31. Ra7+ Kc6 32. Rxf7 Re7 33. Rxe7 Bxe7 34. Bf1 Nd5 35. Be2 Bf6 36. Kb3 Nc7 37. Bg4 Kd5 38. Kc3 Ne6 39. Bxe6+ Kxe6 40. Kb4 Kd5 41. Kxb5 Bxd4 42. Kb4 Ke5 43. Kc4 Bb2 44. Bd2 1/2-1/2

[Event "Erfurt ST op 26th"]
[Site "Erfurt"]
[Date "2016.12.29"]
[Round "4"]
[White "Wahl, Frithjof"]
[Black "Kuhn, Gerd"]
[Result "1-0"]
[WhiteElo "1962"]
[BlackElo "2117"]
[PlyCount "81"]
[EventDate "2016.12.26"]
[EventType "swiss"]
[EventRounds "8"]
[EventCountry "GER"]
[SourceTitle "EXT 2018"]
[Source "ChessBase"]
[SourceDate "2017.10.13"]
[SourceVersion "1"]
[SourceVersionDate "2017.10.13"]
[SourceQuality "1"]

1. e4 d5 2. exd5 Nf6 3. Nc3 Nxd5 4. Bc4 e6 5. Nf3 Be7 6. 0-0 0-0 7. d4 Nxc3 8. bxc3 b6 9. Ne5 Bb7 10. Qg4 Kh8 11. f4 g6 12. Qh3 Qe8 13. Be3 Be4 14. Rf2 c6 15. Re2 b5 16. Bd3 Bxd3 17. cxd3 Bf6 18. Qf3 a5 19. Rb2 Ra6 20. a4 Be7 21. axb5 cxb5 22. Qb7 f6 23. Nf3 Bd6 24. Qxb5 Qxb5 25. Rxb5 Rc8 26. Bd2 a4 27. c4 Nc6 28. Kf1 Nd8 29. g3 Kg7 30. Bc3 Kf7 31. Nd2 Be7 32. Ke2 a3 33. c5 Rca8 34. Ra2 Nc6 35. Nc4 Bd8 36. Ke3 Ne7 37. Rb7 Kf8 38. Kd2 h5 39. Rb3 Nc6 40. Raxa3 Rxa3 41. Rxa3 1-0

[Event "Pinneberg-ch"]
[Site "Pinneberg"]
[Date "2016.09.08"]
[Round "2"]
[White "Hadlich, Winfried"]
[Black "Kuhn, Gerd"]
[Result "0-1"]
[WhiteElo "1682"]
[BlackElo "2053"]
[PlyCount "64"]
[EventDate "2016.09.01"]
[EventType "swiss"]
[EventRounds "7"]
[EventCountry "GER"]
[SourceTitle "EXT 2018"]
[Source "ChessBase"]
[SourceDate "2017.10.13"]
[SourceVersion "1"]
[SourceVersionDate "2017.10.13"]
[SourceQuality "1"]

1. Nf3 Nf6 2. b3 g6 3. Bb2 Bg7 4. e3 0-0 5. Be2 c5 6. c4 Nc6 7. Nc3 d6 8. Nd5 Nxd5 9. Bxg7 Nxe3 10. fxe3 Kxg7 11. 0-0 e5 12. d3 f5 13. g3 f4 14. gxf4 exf4 15. d4 fxe3 16. d5 Ne5 17. Nxe5 Rxf1+ 18. Qxf1 Qg5+ 19. Qg2 Qxe5 20. Rf1 Bf5 21. h3 Rf8 22. Qf3 Rf6 23. Qg2 Be4 24. Qg4 Rxf1+ 25. Bxf1 Bf5 26. Qe2 Qg3+ 27. Bg2 Bxh3 28. Qb2+ Kh6 29. Qe2 Kg5 30. Kf1 Bxg2+ 31. Qxg2 Qxg2+ 32. Kxg2 Kf4 0-1

[Event "GER-chT Seniors 24th"]
[Site "Berlin"]
[Date "2015.09.10"]
[Round "5.1"]
[White "Kuhn, Gerd"]
[Black "Brauer, Christian E"]
[Result "1-0"]
[WhiteElo "2076"]
[BlackElo "2106"]
[PlyCount "91"]
[EventDate "2015.09.06"]
[EventType "team-swiss"]
[EventRounds "7"]
[EventCountry "GER"]
[SourceTitle "EXT 2018"]
[Source "ChessBase"]
[SourceDate "2017.10.13"]
[SourceVersion "1"]
[SourceVersionDate "2017.10.13"]
[SourceQuality "1"]
[WhiteTeam "Hessen Seniors II"]
[BlackTeam "Sachsen Seniors"]
[WhiteTeamCountry "GER"]
[BlackTeamCountry "GER"]

1. d4 d5 2. c4 c6 3. Nf3 Nf6 4. Nc3 dxc4 5. a4 Bf5 6. Ne5 e6 7. Nxc4 Bb4 8. Qb3 a5 9. Bf4 0-0 10. e3 Qe7 11. Be2 Nd5 12. Bg3 Nd7 13. 0-0 N5b6 14. Nxb6 Nxb6 15. e4 Bg6 16. f3 Rfd8 17. Rfd1 f6 18. Na2 Bf7 19. Nxb4 axb4 20. a5 e5 21. Qc2 Nd7 22. Bc4 exd4 23. Bxf7+ Qxf7 24. Rxd4 Ne5 25. Bxe5 fxe5 26. Rxb4 Rd7 27. Qb3 Rad8 28. Qxf7+ Kxf7 29. Rb6 Rd1+ 30. Rxd1 Rxd1+ 31. Kf2 Rd7 32. Ke3 Ke7 33. g3 Kd6 34. f4 exf4+ 35. gxf4 Kc7 36. Rb3 Rd1 37. f5 Rh1 38. Kf4 Rxh2 39. Rg3 g6 40. f6 Kd6 41. Rb3 Rh4+ 42. Kg3 Rxe4 43. Rxb7 Re3+ 44. Kf2 Re5 45. a6 c5 46. a7 1-0

[Event "Pinneberg-ch"]
[Site "Pinneberg"]
[Date "2014.??.??"]
[Round "2"]
[White "Iwanow, Thomas"]
[Black "Kuhn, Gerd"]
[Result "0-1"]
[WhiteElo "1748"]
[BlackElo "2039"]
[PlyCount "80"]
[EventDate "2014.08.21"]
[EventType "swiss"]
[EventRounds "7"]
[EventCountry "GER"]
[SourceTitle "EXT 2017"]
[Source "ChessBase"]
[SourceDate "2016.10.25"]
[SourceVersion "1"]
[SourceVersionDate "2016.10.25"]
[SourceQuality "1"]

1. d4 Nf6 2. Nf3 c5 3. e3 b6 4. Be2 Bb7 5. 0-0 e6 6. b3 Be7 7. Bb2 0-0 8. Nbd2 Nc6 9. c4 Qc7 10. Qc2 cxd4 11. exd4 Qf4 12. a3 Rac8 13. Rae1 d5 14. Bd3 Rfd8 15. g3 Qh6 16. Qd1 dxc4 17. bxc4 Ng4 18. h4 g6 19. Re4 Nf6 20. Re2 Na5 21. Ne5 Nd7 22. Nb3 Nxe5 23. Rxe5 Nxc4 24. Bxc4 Rxc4 25. Nd2 Rc7 26. Nf3 Bf6 27. Re3 Bxf3 28. Rxf3 Qg7 29. Rd3 Rcd7 30. Qa4 a5 31. Rfd1 Qf8 32. Qb5 Qd6 33. a4 Rb8 34. Ba3 Qd5 35. Qa6 b5 36. Bc5 bxa4 37. Qxa5 Ra8 38. Qb4 Rb7 39. Qa3 Rb3 40. Qa2 Rxd3 0-1

[Event "Pinneberg-ch"]
[Site "Pinneberg"]
[Date "2014.??.??"]
[Round "1"]
[White "Kuhn, Gerd"]
[Black "Linke, Harry"]
[Result "1-0"]
[WhiteElo "2039"]
[BlackElo "1567"]
[PlyCount "71"]
[EventDate "2014.08.21"]
[EventType "swiss"]
[EventRounds "7"]
[EventCountry "GER"]
[SourceTitle "EXT 2017"]
[Source "ChessBase"]
[SourceDate "2016.10.25"]
[SourceVersion "1"]
[SourceVersionDate "2016.10.25"]
[SourceQuality "1"]

1. d4 d5 2. c4 dxc4 3. Nf3 c5 4. d5 e6 5. e4 exd5 6. exd5 Bd6 7. Bxc4 Ne7 8. 0-0 0-0 9. Nc3 a5 10. Bg5 f6 11. Bh4 Nf5 12. Qc2 Nxh4 13. Nxh4 f5 14. Nf3 Nd7 15. Rfe1 Nb6 16. Bf1 Bd7 17. Ne5 Bxe5 18. Rxe5 Qf6 19. f4 g5 20. Rae1 gxf4 21. Bb5 Rf7 22. Kh1 Raf8 23. b3 Bxb5 24. Nxb5 Nd7 25. Re6 Qg5 26. Nd6 Rg7 27. Re8 f3 28. gxf3 Qg6 29. Rxf8+ Nxf8 30. Nxf5 Rf7 31. Rg1 Rxf5 32. Qxf5 c4 33. d6 Nd7 34. Qf6 b5 35. Qg5 Nf8 36. Qf5 1-0

[Event "Pinneberg-ch"]
[Site "Pinneberg"]
[Date "2014.??.??"]
[Round "4"]
[White "Retzlaff, Wolfgang"]
[Black "Kuhn, Gerd"]
[Result "1/2-1/2"]
[WhiteElo "1723"]
[BlackElo "2039"]
[PlyCount "104"]
[EventDate "2014.08.21"]
[EventType "swiss"]
[EventRounds "7"]
[EventCountry "GER"]
[SourceTitle "EXT 2017"]
[Source "ChessBase"]
[SourceDate "2016.10.25"]
[SourceVersion "1"]
[SourceVersionDate "2016.10.25"]
[SourceQuality "1"]

1. Nf3 f5 2. e3 Nf6 3. d4 g6 4. Nbd2 Bg7 5. c4 0-0 6. Be2 d6 7. b4 e5 8. dxe5 Ng4 9. Bb2 Nc6 10. Qb3 Ngxe5 11. 0-0 Be6 12. Nd4 Bf7 13. Nxc6 bxc6 14. f4 Ng4 15. Bxg7 Kxg7 16. Bf3 d5 17. Qc3+ Qf6 18. Qxf6+ Nxf6 19. b5 cxb5 20. cxb5 a6 21. a4 Rfb8 22. Rfb1 axb5 23. a5 Ne4 24. Nb3 Nd6 25. Kf2 c6 26. Nc5 Nc4 27. a6 Nb6 28. Ke2 Ra7 29. Nb7 Kf6 30. Kd3 Na4 31. Rxa4 bxa4 32. Rb6 Be8 33. Bxd5 Ke7 34. Bc4 a3 35. Kc3 Bf7 36. Bxf7 Kxf7 37. Kb3 Rxa6 38. Rxa6 Rxb7+ 39. Kxa3 Re7 40. Rxc6 Rxe3+ 41. Kb2 Re4 42. g3 Kg7 43. Rc2 Kh6 44. Kc3 Kh5 45. Kd3 Kg4 46. Rc7 h6 47. Rc6 Kh5 48. h3 Ra4 49. g4+ fxg4 50. hxg4+ Kxg4 51. Rxg6+ Kxf4 52. Rxh6 Ra3+ 1/2-1/2

[Event "Oberliga Nord N 1314"]
[Site "Germany"]
[Date "2013.11.10"]
[Round "2.8"]
[White "Boehm, Thomas1111"]
[Black "Kuhn, Gerd"]
[Result "0-1"]
[WhiteElo "2153"]
[BlackElo "2114"]
[PlyCount "86"]
[EventDate "2013.10.13"]
[EventType "team-tourn"]
[EventRounds "9"]
[EventCountry "GER"]
[SourceTitle "EXT 2015"]
[Source "ChessBase"]
[SourceDate "2014.11.20"]
[SourceVersion "1"]
[SourceVersionDate "2014.11.20"]
[SourceQuality "1"]
[WhiteTeam "Kiel Turm"]
[BlackTeam "Pinneberg"]
[WhiteTeamCountry "GER"]
[BlackTeamCountry "GER"]

1. Nf3 Nf6 2. c4 c5 3. Nc3 Nc6 4. g3 g6 5. Bg2 Bg7 6. 0-0 0-0 7. d3 a6 8. Rb1 Rb8 9. a4 d6 10. Ne1 Be6 11. Nd5 Bxd5 12. cxd5 Nb4 13. e4 b5 14. axb5 Rxb5 15. Nc2 Nxc2 16. Qxc2 Qb6 17. Ra1 Ng4 18. Bf3 Bxb2 19. Bxb2 Rxb2 20. Rxa6 Qb5 21. Ra5 Qb4 22. Qa4 Qxa4 23. Rxa4 Ne5 24. Bd1 Nxd3 25. Ra7 Re8 26. Ba4 Ra2 27. Bxe8 Rxa7 28. Rb1 Nb4 29. Kg2 Kg7 30. Rb2 Ra2 31. Rxa2 Nxa2 32. Kf3 Nb4 33. Ke3 Nc2+ 34. Kd3 Nd4 35. f4 Kf6 36. Bd7 e6 37. Kc4 e5 38. Bg4 h5 39. Bd1 g5 40. fxe5+ Kxe5 41. Bxh5 Kxe4 42. Bxf7 Nf3 43. h3 Ne5+ 0-1

[Event "Rail 6 countries 24th"]
[Site "Bad Salzuflen"]
[Date "2013.06.28"]
[Round "1.6"]
[White "Kuhn, Gerd"]
[Black "Slacik, Johann"]
[Result "1-0"]
[WhiteElo "2114"]
[BlackElo "1867"]
[PlyCount "69"]
[EventDate "2013.06.28"]
[EventType "team-tourn"]
[EventRounds "5"]
[EventCountry "GER"]
[SourceTitle "EXT 2014"]
[Source "ChessBase"]
[SourceDate "2013.11.20"]
[SourceVersion "1"]
[SourceVersionDate "2013.11.20"]
[SourceQuality "1"]
[WhiteTeam "Germany"]
[BlackTeam "Austria"]
[WhiteTeamCountry "GER"]
[BlackTeamCountry "AUT"]

1. d4 d5 2. c4 e6 3. Nc3 Nf6 4. Nf3 c6 5. e3 Nbd7 6. b3 Bd6 7. Bb2 e5 8. cxd5 cxd5 9. dxe5 Nxe5 10. Bb5+ Nc6 11. 0-0 0-0 12. h3 Bf5 13. Nd4 Bd7 14. Be2 Re8 15. Bf3 Nxd4 16. Qxd4 Be5 17. Qb4 Bc6 18. Na4 a5 19. Qh4 Bxa4 20. Bxe5 Rxe5 21. bxa4 Ne4 22. Qxd8+ Rxd8 23. Rfb1 Nc5 24. Rb5 Nxa4 25. Rxa5 Nc3 26. Rc1 Ne4 27. Rc7 Kf8 28. Bxe4 Rxe4 29. Rxb7 d4 30. Raa7 d3 31. Rxf7+ Ke8 32. Rxg7 Kf8 33. Rxh7 Kg8 34. Rag7+ Kf8 35. Rh8+ 1-0